| 000 | 01003cam a22002891 4500 | ||
|---|---|---|---|
| 001 | sa 68020474 | ||
| 003 | DLC | ||
| 005 | 20260227112724.0 | ||
| 008 | 750605s1958 xx 000 0 ind | ||
| 010 | _asa 68020474 | ||
| 035 | _a(OCoLC)1374346 | ||
| 040 |
_aDLC _cCtY _dOCoLC _dDLC |
||
| 041 | 0 |
_aind _beng |
|
| 042 | _apremarc | ||
| 050 | 0 | 0 |
_aSD387.L3 _bS26 |
| 100 | 0 | _aSanjoto. | |
| 245 | 1 | 0 |
_aMethodik [sic] penjelidikan physiologis dalam kerdja hutan. _bMethod of physiological study in forest-work. |
| 260 |
_aRogor, _bLembaga Pusat Penjelidikan Kehutanan, _c1958. |
||
| 300 |
_a34 p. _billus. _c24 cm. |
||
| 410 | 2 | 0 |
_aLembaga Pusat Penjelidikan Kehutanan. _tPengumuman istimewa _vnr. 13 |
| 500 | _aIn Indonesian ; with summary in English. | ||
| 504 | _aBibliography: p. 33-34. | ||
| 650 | 0 |
_aForests and forestry _xLabor productivity. |
|
| 650 | 0 |
_aWork _xPhysiological aspects. |
|
| 650 | 0 |
_aForests and forestry _zIndonesia. |
|
| 740 | 0 | _aMethod of physiological study in forest-work. | |
| 999 |
_c89440 _d89440 |
||